Hertha BSC Squad 2015-2016 - Statistics

General Stats
  • This quiz has been taken 16 times
  • The average score is 20 of 32
Answer Stats
# Position Nation Player % Correct
2 DF Slovakia Peter Pekarík
100%
8 FW Ivory Coast Salomon Kalou
100%
6 MF Czech Republic Vladimír Darida
100%
- Coach Hungary Pál Dárdai
92%
3 MF Norway Per Ciljan Skjelbred
92%
22 GK Norway Rune Jarstein
92%
1 GK Germany Thomas Kraft
92%
19 FW Bosnia and Herzegovina Vedad Ibišević
92%
25 DF United States John Brooks
85%
14 FW Switzerland Valentin Stocker
77%
10 MF Tunisia Änis Ben-Hatira
69%
28 MF Switzerland Fabian Lustenberger
69%
24 FW Japan Genki Haraguchi
69%
21 DF Germany Marvin Plattenhardt
69%
5 DF Germany Niklas Stark
69%
12 MF Brazil Ronny
62%
15 DF Germany Sebastian Langkamp
62%
17 MF Turkey Tolga Ciğerci
62%
16 FW Germany Julian Schieber
54%
35 GK Germany Marius Gersbeck
54%
20 DF Germany Mitchell Weiser
54%
11 FW Tunisia Sami Allagui
54%
34 DF Germany Maximilian Mittelstädt
46%
30 GK Germany Sascha Burchert
46%
9 MF Germany Alexander Baumjohann
38%
13 MF Germany Jens Hegeler
38%
29 GK Germany Nils Körber
38%
27 FW Netherlands Roy Beerens
38%
32 MF Germany Shawn Kauter
23%
18 FW Germany Sinan Kurt
23%
31 MF Germany Florian Kohls
15%
23 DF Germany Johannes van den Bergh
15%
No matching quizzes found
Score Distribution
Percent of People with Each Score
Percentile by Number Answered
Your Score History
You have not taken this quiz